|
|
|
|
| LEADER |
00000nab a2200000 ar4500 |
| 001 |
vtls008964072 |
| 003 |
SK-MaSNL |
| 005 |
20260303070804.0 |
| 008 |
070416c2007 xo wr|p|||||||000 b|slo |
| 038 |
|
|
|a PPPK
|
| 040 |
|
|
|a PPPKCL
|b slo
|c PPPK
|e AACR2
|
| 041 |
0 |
|
|a slo
|
| 044 |
|
|
|a xo
|c SK
|
| 080 |
|
|
|a 796.966-055.2.093.1
|2 1997
|
| 245 |
0 |
0 |
|a Vytúžený postup hokejistiek - i nezabudnuteľné zážitky
|c [autor] (btk)
|
| 300 |
|
|
|b Fotogr.
|
| 610 |
2 |
7 |
|a ŽHK Aquacity (Poprad, Slovensko)
|2 pppkcl
|9 1032752
|
| 648 |
|
7 |
|a sezóna 2006/2007
|2 pppkcl
|9 1032718
|
| 650 |
0 |
7 |
|a ľadový hokej
|2 pppkcl
|9 3231
|
| 650 |
0 |
7 |
|a ženy
|2 pppkcl
|9 4865
|
| 650 |
0 |
7 |
|a MS II. divízie
|2 pppkcl
|9 1032754
|
| 651 |
|
7 |
|a Poprad (Slovensko)
|2 pppkcl
|9 20155
|
| 651 |
|
7 |
|a Pchjongjang (Kórejská ľudovodemokratická republika)
|2 pppkcl
|9 100547
|
| 773 |
0 |
|
|t Poprad : noviny občanov mesta
|g Roč. XVIII, č. 26-27 (2007), s. 8
|
| 852 |
|
|
|a PPPK
|b KIS3GCP
|
| 958 |
|
|
|a KP
|
| 999 |
|
|
|c 1756933
|d 1758863
|